Ч. 1: Введение в теорию аналитических функций многих комплексных переменных; Теория аналитических функций многих комплексных переменных

ग्रंथसूची विवरण
Parent link:Теория аналитических функций многих комплексных переменных/ Б. А. Фукс. Ч. 1: Введение в теорию аналитических функций многих комплексных переменных.— , 1962
भाषा:रूसी
प्रकाशित: 1962
विषय:
स्वरूप: MixedMaterials पुस्तक
KOHA link:https://koha.lib.tpu.ru/cgi-bin/koha/opac-detail.pl?biblionumber=119536

MARC

LEADER 00000nam2a2200000 4500
001 119536
005 20231031124636.0
035 |a (RuTPU)RU\TPU\book\129368 
090 |a 119536 
100 |a 20070710d1962 km y0rusy50 ca 
101 0 |a rus 
102 |a RU 
105 |a y z 001zy 
200 0 |a Ч. 1: Введение в теорию аналитических функций многих комплексных переменных 
210 |d 1962 
215 |a 419 с. 
320 |a Библиогр.: с. 406-414. 
461 1 |0 (RuTPU)RU\TPU\book\149593  |t Теория аналитических функций многих комплексных переменных  |f Б. А. Фукс  |v Ч. 1: Введение в теорию аналитических функций многих комплексных переменных  |d 1962 
610 1 |a функции комплексного переменного 
610 1 |a функции комплексной переменной 
610 1 |a аналитические функции 
610 1 |a теория 
610 1 |a свойства 
610 1 |a голоморфные функции 
610 1 |a особые точки 
610 1 |a комплексные пространства 
610 1 |a интегральные представления 
610 1 |a теоремы Кузена 
675 |a 517.55  |v 3 
801 1 |a RU  |b 63413507  |c 20070710  |g PSBO 
801 2 |a RU  |b 63413507  |c 20210601  |g PSBO 
942 |c BK